<?xml version="1.0" encoding="UTF-8"?>
<record
    xmlns:xsi="http://www.w3.org/2001/XMLSchema-instance"
    xsi:schemaLocation="http://www.loc.gov/MARC21/slim http://www.loc.gov/standards/marcxml/schema/MARC21slim.xsd"
    xmlns="http://www.loc.gov/MARC21/slim">

  <leader>01452nam a22001697a 4500</leader>
  <controlfield tag="003">SGT</controlfield>
  <datafield tag="020" ind1=" " ind2=" ">
    <subfield code="a">9788131732519</subfield>
  </datafield>
  <datafield tag="082" ind1=" " ind2=" ">
    <subfield code="a">382, SHA</subfield>
  </datafield>
  <datafield tag="100" ind1=" " ind2=" ">
    <subfield code="a">SHARAN,VYUPTAKESH</subfield>
  </datafield>
  <datafield tag="245" ind1=" " ind2=" ">
    <subfield code="a">INTERNATIONAL BUSINESS: CONCEPTS, ENVIRONMENTAL AND STRATEGY</subfield>
  </datafield>
  <datafield tag="250" ind1=" " ind2=" ">
    <subfield code="a">3RD</subfield>
  </datafield>
  <datafield tag="260" ind1=" " ind2=" ">
    <subfield code="a">NEW DELHI</subfield>
    <subfield code="b">PEARSON</subfield>
    <subfield code="c">2011</subfield>
  </datafield>
  <datafield tag="300" ind1=" " ind2=" ">
    <subfield code="a">603</subfield>
  </datafield>
  <datafield tag="650" ind1=" " ind2=" ">
    <subfield code="a">INTERNATIONAL COMMERCE</subfield>
  </datafield>
  <datafield tag="653" ind1=" " ind2=" ">
    <subfield code="a">PART I: CONCEPTS OF INTERNATIONAL BUSINESS 1.	OVERVIEW OF INTERNATIONAL BUSINESS 2.	MODES OF INTERNATIONAL BUSINESS 3.	THEORIES OF INTERNATIONAL TRADE 4.	THEORETICAL FRAMEWORK OF FOREIGN DIRECT INVESTMENT 5.	BALANCE OF PAYMENTS PART 2: INTERNATIONAL BUSINESS ENVIRONMENT 6.	NATIONAL REGULATION OF INTERNATIONAL BUSINESS 7.	NATIONAL REGULATION OF INTERNATIONAL BUSINESS 8.	REGIONAL ECONOMIC INTEGRATION 9.	POLITICAL AND LEGAL ENVIRONMENT 10.	ECONOMIC ENVIRONMENT 11.	SOCIO-CULTURAL AND ETHICAL ENVIRONMENT 12.	INTERNATIONAL FINANCIAL ENVIRONMENT: EXCHANGE RATE 13.	INTERNATIONAL FINANCIAL MARKETS PART 3: STRATEGY OF INTERNATIONAL BUSINESS 14.	STRATEGY, PLANNING, ORGANIZATION, AND CONTROL 15.	GLOBAL TECHNOLOGY MANAGEMENT 16.	MANAGEMENT OF INTERNATIONAL OPERATIONS 17.	INTERNATIONAL MARKET STRATEGY 18.	GLOBAL HUMAN RESOURCE MANAGEMENT 19.	INTERNATIONAL INVESTMENT AND FINANCING STRATEGY 20.	MANAGEMENT OF EXCHANGE RATE AND INTEREST RATE RISK 21.	INTERNATIONAL TAXATION AND ACCOUNTING 22.	HOST COUNTRY HETEROGENEITY AND INTERNATIONAL BUSINESS STRATEGY</subfield>
  </datafield>
  <datafield tag="942" ind1=" " ind2=" ">
    <subfield code="2">ddc</subfield>
    <subfield code="c">FCM</subfield>
    <subfield code="0">12</subfield>
  </datafield>
  <datafield tag="952" ind1=" " ind2=" ">
    <subfield code="0">0</subfield>
    <subfield code="1">0</subfield>
    <subfield code="2">ddc</subfield>
    <subfield code="4">0</subfield>
    <subfield code="7">0</subfield>
    <subfield code="8">CM</subfield>
    <subfield code="a">SSSL</subfield>
    <subfield code="b">SSSL</subfield>
    <subfield code="c">DISPLAY</subfield>
    <subfield code="d">2016-06-01</subfield>
    <subfield code="e">UBSPD</subfield>
    <subfield code="g">435.00</subfield>
    <subfield code="i">SGTU</subfield>
    <subfield code="l">9</subfield>
    <subfield code="o">382, SHA</subfield>
    <subfield code="p">CM434</subfield>
    <subfield code="r">2026-01-16 00:00:00</subfield>
    <subfield code="s">2025-08-11</subfield>
    <subfield code="w">2014-12-28</subfield>
    <subfield code="y">FCM</subfield>
    <subfield code="k">364029</subfield>
  </datafield>
  <datafield tag="952" ind1=" " ind2=" ">
    <subfield code="0">0</subfield>
    <subfield code="1">0</subfield>
    <subfield code="2">ddc</subfield>
    <subfield code="4">0</subfield>
    <subfield code="7">0</subfield>
    <subfield code="8">CM</subfield>
    <subfield code="a">SSSL</subfield>
    <subfield code="b">SSSL</subfield>
    <subfield code="c">DISPLAY</subfield>
    <subfield code="d">2016-06-01</subfield>
    <subfield code="e">UBSPD</subfield>
    <subfield code="g">435.00</subfield>
    <subfield code="i">SGTU</subfield>
    <subfield code="l">20</subfield>
    <subfield code="o">382, SHA</subfield>
    <subfield code="p">CM435</subfield>
    <subfield code="r">2023-06-13 00:00:00</subfield>
    <subfield code="s">2023-06-13</subfield>
    <subfield code="w">2014-12-28</subfield>
    <subfield code="y">FCM</subfield>
    <subfield code="k">364029</subfield>
  </datafield>
  <datafield tag="952" ind1=" " ind2=" ">
    <subfield code="0">0</subfield>
    <subfield code="1">0</subfield>
    <subfield code="2">ddc</subfield>
    <subfield code="4">0</subfield>
    <subfield code="7">0</subfield>
    <subfield code="8">CM</subfield>
    <subfield code="a">SSSL</subfield>
    <subfield code="b">SSSL</subfield>
    <subfield code="c">DISPLAY</subfield>
    <subfield code="d">2016-06-01</subfield>
    <subfield code="e">UBSPD</subfield>
    <subfield code="g">435.00</subfield>
    <subfield code="i">SGTU</subfield>
    <subfield code="l">18</subfield>
    <subfield code="o">382, SHA</subfield>
    <subfield code="p">CM436</subfield>
    <subfield code="r">2022-06-20 00:00:00</subfield>
    <subfield code="s">2022-05-28</subfield>
    <subfield code="w">2014-12-28</subfield>
    <subfield code="y">FCM</subfield>
    <subfield code="k">364029</subfield>
  </datafield>
  <datafield tag="952" ind1=" " ind2=" ">
    <subfield code="0">0</subfield>
    <subfield code="1">0</subfield>
    <subfield code="2">ddc</subfield>
    <subfield code="4">0</subfield>
    <subfield code="7">0</subfield>
    <subfield code="8">CM</subfield>
    <subfield code="a">SSSL</subfield>
    <subfield code="b">SSSL</subfield>
    <subfield code="c">DISPLAY</subfield>
    <subfield code="d">2016-06-01</subfield>
    <subfield code="e">UBSPD</subfield>
    <subfield code="g">435.00</subfield>
    <subfield code="i">SGTU</subfield>
    <subfield code="l">19</subfield>
    <subfield code="o">382, SHA</subfield>
    <subfield code="p">CM437</subfield>
    <subfield code="r">2026-01-21 00:00:00</subfield>
    <subfield code="s">2026-01-13</subfield>
    <subfield code="w">2014-12-28</subfield>
    <subfield code="y">FCM</subfield>
    <subfield code="k">364029</subfield>
  </datafield>
  <datafield tag="952" ind1=" " ind2=" ">
    <subfield code="0">0</subfield>
    <subfield code="1">0</subfield>
    <subfield code="2">ddc</subfield>
    <subfield code="4">0</subfield>
    <subfield code="7">1</subfield>
    <subfield code="8">CM</subfield>
    <subfield code="a">SSSL</subfield>
    <subfield code="b">SSSL</subfield>
    <subfield code="c">REF</subfield>
    <subfield code="d">2016-06-01</subfield>
    <subfield code="e">UBSPD</subfield>
    <subfield code="g">435.00</subfield>
    <subfield code="i">SGTU</subfield>
    <subfield code="o">382, SHA</subfield>
    <subfield code="p">CM438</subfield>
    <subfield code="r">2016-06-01 00:00:00</subfield>
    <subfield code="w">2014-12-28</subfield>
    <subfield code="y">FCM</subfield>
    <subfield code="k">364029</subfield>
  </datafield>
  <datafield tag="999" ind1=" " ind2=" ">
    <subfield code="c">8868</subfield>
    <subfield code="d">8868</subfield>
  </datafield>
</record>
